| 000 | 01073cam a2200301 a 4500 | ||
|---|---|---|---|
| 005 | 20260322212014.0 | ||
| 008 | data | ||
| 010 | _a 2007934455 | ||
| 015 |
_aGBA757628 _2bnb |
||
| 016 | 7 |
_a013800031 _2Uk |
|
| 020 | _a9780470045565 (pbk.) | ||
| 020 | _a0470045566 (pbk.) | ||
| 040 |
_aFSM _cFSM _dDLC _dAU@ _dUKM _dBTCTA _dIK2 _dJRZ _dDLC |
||
| 042 | _alccopycat | ||
| 050 | 0 | 0 |
_aTT820 _b.P6654 2007 |
| 082 | 0 | 4 |
_a746.432043 _222 |
| 092 | _a746.43 P6654 2007 | ||
| 100 | 1 | _aPorter, Kristi. | |
| 245 | 1 | 0 |
_aKnitting patterns for dummies / _cKristi Porter. |
| 260 |
_aHoboken, NJ : _bWiley Pub., _cc2007. |
||
| 300 |
_axvi, 293 p., [8] p. of plates : _bill. (some col.) ; _c28 cm. |
||
| 440 | 0 | _a--For dummies | |
| 500 | _aIncludes index. | ||
| 520 |
_aDemonstrates how to improve a person's knitting skills with line diagrams and step-by-step instructions on over forty patterns and projects, including scarves, cushions, and baby clothes.-- _cSource other than Library of Congress. |
||
| 650 | 0 |
_aKnitting _vPatterns. |
|
| 650 | 7 |
_aKnitting _vPatterns. _2sears |
|
| 001 | data | ||
| 999 |
_c307 _d307 |
||